Top 3 things at these continents - Statistics

General Stats
  • This quiz has been taken 17 times
  • The average score is 13 of 30
Answer Stats
Things Continents Rank 3 Rank 2 Rank 1 % Correct
Most popular sport Africa Cycling Rugby Football
93%
Most popular sport Asia Cricket Basketball Football
67%
Most popular sports North America American Football Baseball Football
67%
Most used language Swahili French Arabic
60%
Most used language French Spanish English
60%
Most popular sports Europe Rugby Tennis Football
60%
Biggest city (agglomeration) Los Angeles New York City Mexico City
60%
Largest land animal White Rhino African forest Elephant African bush Elephant
53%
Largest land animal Gaur Indian Rhinoceros Asian Elephant
53%
Most used language Eastern Fijian/ Italian French English
53%
Biggest city (agglomeration) Kinshasa Cairo Lagos
53%
Most used language Indonesian/Malay Hindi Mandarin
53%
Biggest city (agglomeration) Brisbane Sydney Melbourne
53%
Biggest city (agglomeration) London Istanbul Moscow
53%
Most used language French German Russian
53%
Biggest city (agglomeration) Rio de Janeiro Buenos Aires São Paulo
53%
Most used language Quechua Portuguese Spanish
53%
Most popular sports South America Basketball Baseball Football
47%
Biggest city (agglomeration Jakarta Tokyo Guangzhou
47%
Most produced crop Barley Corn Wheat
47%
Most produced crop Cassava Sugar cane Rice
40%
Largest land animal Elk Moose American Bison
33%
Most produced crop Hay Soybean Corn
33%
Most produced crop Soybean Maize Corn
27%
Most produced crop Canola Barley Wheat
20%
Most popular sports Oceania Cricket Rugby Australian rules football
13%
Largest land animal Wolverine Brown Bear European Bison
13%
Most produced crop Maize Sugar cane Cassava
7%
Largest land animal Wild Horse Australian Camel Red Kangaroo
7%
Largest land animal Llama Tapir Hippopotamus
0%
No matching quizzes found
Score Distribution
Percent of People with Each Score
Percentile by Number Answered
Your Score History
You have not taken this quiz